000 01857nam a2200517 i 4500
001 33154
003 KOSZ 005
005 20220201121019.0
008 981027s1998 pl a f |000 0 pol
015 _aPB 1998/16293
035 _a991007437589705066
035 _a(PL-WaBN)b11929923-48omnis_nlop
035 _ab11929923
035 _a(OCoLC)69639519
035 _a(PL)b0000001192992
035 _a(EXLNZ-48OMNIS_NETWORK)9910276434005606
040 _aWA N
_cWA N
_dKOSZ 005/HR
041 0 _apol
_bengger
046 _k1999
080 _a621.873-82-5
080 _a:519.86
100 1 _aLisowski, Edward
_d(1955- )
_eAutor
245 1 0 _aKształtowanie charakterystyk hydraulicznych zaworów hamujących układów napędowych maszyn roboczych /
_cEdward Lisowski.
260 _aKraków :
_bPK,
_c1998.
300 _a197 s. :
_brys., wykr. ;
_c24 cm.
380 _aKsiążki
380 _aPublikacje naukowe
388 _a1901-2000
388 _a1989-2000
490 1 _aMonografia / Politechnika Krakowska im. Tadeusza Kościuszki. Mechanika
500 _aISSN i nr serii gł.: 0860-097X ; 224
504 _aBibliogr. s. 181-193.
546 _aStreszcz. ang., niem.
650 7 _aDźwignice
_2DBN
650 7 _aNapęd hydrauliczny
_2DBN
658 _aInżynieria i technika
650 7 _aModele matematyczne
_2DBN
650 7 _aSterowanie
_2DBN
650 7 _aZawór
_2DBN
710 2 _aWydawnictwo Politechniki Krakowskiej
_4pbl
830 0 _aMonografia - Politechnika Krakowska im. Tadeusza Kościuszki,
_v224
856 _uhttp://koha.tu.koszalin.pl/cgi-bin/koha/opac-detail.pl?biblionumber=33154
_yKatalog online BPK
830 0 _aMonografia - Politechnika Krakowska im. Tadeusza Kościuszki.
_pMechanika
942 _2UKD
_cKS
999 _c33154
_d33154